[Event "Vaujany Principal"]
[Site "?"]
[Date "2013.07.15"]
[Round "5.1"]
[White "Gazik, Igor"]
[Black "Vovk, Andrey"]
[Result "0-1"]
[WhiteElo "2319"]
[BlackElo "2567"]
[PlyCount "138"]
[SourceDate "2013.07.27"]

1. e4 c5 2. Nf3 d6 3. d4 cxd4 4. Nxd4 Nf6 5. Nc3 Nc6 6. Bg5 e6 7. Qd2 a6 8.
O-O-O h6 9. Be3 Qc7 10. f3 Ne5 11. Kb1 Be7 12. f4 Ned7 13. Be2 b5 {Diagramme #}
14. e5 dxe5 15. fxe5 Nxe5 16. Bf4 b4 17. Bxe5 Qxe5 18. Bf3 bxc3 19. Qxc3 Rb8
20. Rhe1 Qc5 21. Qxc5 Bxc5 22. Nc6 Nd7 23. Rxd7 Rxb2+ 24. Kxb2 Kxd7 25. Ne5+
Ke7 26. Rd1 g6 27. Kb3 Bb6 28. h3 Bc7 29. Nc6+ Kf6 30. Na7 Bb7 31. Nc6 Bxc6 32.
Bxc6 Rb8+ 33. Ka3 Rb6 34. Bf3 Ke7 35. c4 Bd6+ 36. Ka4 Rb4+ 37. Ka5 Rxc4 38. Rb1
Bc7+ 39. Kxa6 Ra4+ 40. Kb7 Be5 41. Re1 Bd4 42. Re2 Kd6 43. Rc2 Rb4+ 44. Kc8 f5
45. Rc6+ Ke7 46. Rc7+ Kf6 47. Kd7 Be5 48. Rc6 Rd4+ 49. Ke8 Bd6 50. Kd7 Ba3+ 51.
Kc7 Ke7 52. Ra6 Bd6+ 53. Kc6 Rc4+ 54. Kb5 Rc5+ 55. Kb6 Rc2 56. Ra7+ Kf6 57. Rd7
Bg3 58. a4 e5 59. Rd6+ Kg5 60. Rd5 Kf4 61. Rd6 e4 62. Bd1 Rxg2 63. a5 Rb2+ 64.
Kc6 Ra2 65. Rxg6 Rxa5 66. Bh5 Bf2 67. Kd7 Ra3 68. h4 Bxh4 69. Rxh6 Ra7+ 0-1

[Event "Vaujany Principal"]
[Site "?"]
[Date "2013.07.15"]
[Round "5.3"]
[White "Manolache, Marius"]
[Black "Joie, Sebastien"]
[Result "1-0"]
[WhiteElo "2504"]
[BlackElo "2387"]
[PlyCount "101"]
[SourceDate "2013.07.27"]

1. d4 d5 2. c4 e6 3. Nc3 Be7 4. Nf3 Nf6 5. Bf4 O-O 6. e3 b6 7. a3 Ba6 8. Ne5
dxc4 9. Qf3 Nd5 10. Bxc4 Bxc4 11. Nxc4 c6 12. O-O Nxc3 13. bxc3 Qd5 14. Qe2 Nd7
15. e4 Qb5 16. a4 Qa6 17. a5 b5 18. Ne3 Rfe8 19. g4 e5 20. Bg3 Bf8 21. f3 g6
22. Rfd1 Bg7 23. Ra2 Rad8 24. Bh4 f6 25. Kf1 Qc8 26. Rad2 exd4 27. cxd4 Qc7 28.
Rc2 Qxa5 29. Rxc6 Nb6 30. Qc2 Rc8 31. Qb3+ Kh8 32. Rc5 a6 33. Rdc1 Qd2 34. Rxc8
Nxc8 35. Rc7 Nd6 36. Bf2 Qxd4 37. Kg2 Qd2 38. Rd7 a5 39. Nf1 a4 40. Nxd2 axb3
41. Rxd6 b2 42. Rb6 Rd8 43. Rxb5 Rxd2 44. Rb8+ Bf8 45. Rxf8+ Kg7 46. Rb8 f5 47.
gxf5 gxf5 48. exf5 h5 49. h4 Kh7 50. Rb6 Rc2 51. Kg3 1-0

[Event "Vaujany Principal"]
[Site "?"]
[Date "2013.07.15"]
[Round "5.4"]
[White "Solozhnenkin, Evgeniy"]
[Black "Grimm, Daniel"]
[Result "1-0"]
[WhiteElo "2458"]
[BlackElo "2275"]
[PlyCount "73"]
[SourceDate "2013.07.27"]

1. d4 d5 2. Nf3 Nf6 3. c4 c6 4. Qb3 dxc4 5. Qxc4 Bg4 6. Ne5 Be6 7. Qd3 Nbd7 8.
e4 Nxe5 9. dxe5 Qxd3 10. Bxd3 Nd7 11. f4 Nc5 12. Bc2 Bc4 13. Be3 e6 14. Nc3
O-O-O 15. Rc1 Kb8 16. Kf2 Be7 17. Kf3 Nd3 18. Bxd3 Bxd3 19. Nd1 Rd7 20. Nf2
Rhd8 21. Rhd1 Bb5 22. Rxd7 Rxd7 23. g4 b6 24. f5 c5 25. Nh3 Rd8 26. Nf4 Bg5 27.
h4 Bxf4 28. Kxf4 Bd3 29. h5 Kc7 30. Rh1 Kd7 31. Bd2 Ke8 32. Bc3 Kf8 33. g5 exf5
34. exf5 g6 35. hxg6 hxg6 36. e6 Re8 37. Rh8+ 1-0

[Event "Vaujany Principal"]
[Site "?"]
[Date "2013.07.15"]
[Round "5.5"]
[White "Olivier, Jean-Christophe"]
[Black "Lobzhanidze, Davit"]
[Result "1/2-1/2"]
[WhiteElo "2350"]
[BlackElo "2453"]
[PlyCount "161"]
[SourceDate "2013.07.27"]

1. e4 e5 2. Nf3 Nc6 3. Bb5 a6 4. Ba4 Nf6 5. O-O Be7 6. Re1 b5 7. Bb3 d6 8. c3
O-O 9. h3 Nb8 10. d4 Nbd7 11. Nbd2 Bb7 12. Bc2 Re8 13. Nf1 Bf8 14. Ng3 g6 15.
Bg5 Bg7 16. Qd2 Qe7 17. a4 Qf8 18. d5 h6 19. Be3 c6 20. dxc6 Bxc6 21. Nh2 h5
22. axb5 axb5 23. Nf3 Rxa1 24. Rxa1 d5 25. Ng5 h4 26. exd5 Nxd5 {Diagramme #}
27. Bb3 N7f6 28. N3e4 Nxe4 29. Nxe4 Nxe3 30. Qxe3 Rd8 31. Ra7 Bd5 32. Bxd5 Rxd5
33. Qf3 Rd8 34. Ng5 e4 35. Nxe4 Qe8 36. g4 hxg3 37. Nxg3 Qe6 38. Rb7 Rd5 39.
Qe4 Re5 40. Rb8+ Bf8 41. Qb4 Re1+ 42. Kh2 Qe7 43. Qxe7 Rxe7 44. Rxb5 f5 45. Kg2
Kf7 46. Kf3 Rd7 47. h4 Bh6 48. h5 gxh5 49. Rxf5+ Kg6 50. Rxh5 Rd3+ 51. Kg4 Rd2
52. f4 Rxb2 53. Rc5 Bf8 54. Rc6+ Kf7 55. Ne4 Ba3 56. c4 Rb1 57. Kf5 Rf1 58. Nf6
Ke7 59. Rc7+ Kd8 60. Rd7+ Kc8 61. Rd4 Bc1 62. Nd5 Kb7 63. Re4 Bd2 64. Ke6 Kc6
65. f5 Kc5 66. f6 Bh6 67. Ne7 Ra1 68. Nf5 Ra6+ 69. Ke5 Bf8 70. Ne7 Ra4 71. Ke6
Rxc4 72. Rxc4+ Kxc4 73. Nf5 Kd3 74. Kf7 Ba3 75. Ke6 Bf8 76. Kf7 Ba3 77. Ke8 Ke4
78. Ne7 Bb2 79. f7 Bg7 80. Kd7 Ke5 81. Ke8 1/2-1/2

[Event "Vaujany Principal"]
[Site "?"]
[Date "2013.07.15"]
[Round "5.6"]
[White "Doncea, Vladimir"]
[Black "Juhasz, Kristof"]
[Result "0-1"]
[WhiteElo "2423"]
[BlackElo "2292"]
[Annotator "Juhasz Kristof"]
[PlyCount "72"]
[SourceDate "2013.07.27"]

1. d4 d5 2. c4 e6 3. Nc3 Nf6 4. Bg5 Be7 5. cxd5 Nxd5 (5... exd5) 6. Bxe7 Qxe7
7. Qb3 Nxc3 8. Qxc3 O-O 9. f4 $6 (9. Rc1 $142) 9... b6 10. Rc1 c5 $1 (10... Na6
) 11. dxc5 Bb7 12. cxb6 axb6 13. a3 (13. Qc7 Qb4+) 13... Nd7 $44 14. Nf3 Rac8
15. Qe3 Rxc1+ 16. Qxc1 Rc8 17. Qe3 Rc2 18. b4 Qf6 19. Kf2 Qb2 (19... Qc3 20.
Qxc3 Rxc3 21. a4 Ra3 22. a5 bxa5 23. bxa5 Nf6) 20. Qd3 (20. Qd4 Qxd4+ 21. Nxd4
Ra2 22. Nb5 Nf6 $40 (22... Bc6 23. Nd4 Bb7)) 20... Bd5 21. h4 Nf6 22. Rh3 Ne4+
23. Kg1 Rc1 24. Nh2 h6 $1 25. h5 Qa1 26. Rf3 Nc3 27. Rh3 b5 28. f5 exf5 29. Re3
Be4 30. Qd7 Nd1 31. Qe8+ Kh7 32. Qxf7 {Diagramme #} (32. Rxe4 fxe4 33. Qxe4+ g6
34. hxg6+ (34. Qf4 $142) 34... fxg6 35. Qe7+ Qg7 $19) 32... Qe5 $1 $19 (32...
Nxe3 33. Qg6+ Kg8 34. Qe8+ Kh7 35. Qg6+ $11) 33. Qg6+ Kh8 34. Ng4 (34. Rg3 f4
$19) 34... Qe7 35. Rxe4 Qxe4 36. Nh2 Qd4+ 0-1

[Event "Vaujany Principal"]
[Site "?"]
[Date "2013.07.15"]
[Round "5.7"]
[White "Foisor, Ovidiu-Doru"]
[Black "Schoorl, Rob"]
[Result "1/2-1/2"]
[WhiteElo "2400"]
[BlackElo "2340"]
[PlyCount "77"]
[SourceDate "2013.07.27"]

1. Nf3 Nf6 2. g3 g6 3. Bg2 Bg7 4. c4 d6 5. d4 O-O 6. O-O Nc6 7. Nc3 a6 8. Re1
Rb8 9. Rb1 b5 10. cxb5 axb5 11. b4 e5 12. dxe5 dxe5 13. Be3 Bf5 14. Rc1 Qd7 15.
Qxd7 Bxd7 16. Ng5 Nd4 17. Bxd4 exd4 18. Nd5 Nxd5 19. Bxd5 Be5 20. Nf3 Rfe8 21.
Red1 Rbc8 22. Nxe5 Rxe5 23. Rxd4 Be6 24. e4 Kf8 25. f4 Bxd5 26. fxe5 Bxa2 27.
Rd7 $2 (27. Rc5 Bc4 28. Rd7 c6 29. Rd6 Ra8 30. Rdxc6) 27... Bc4 28. e6 Bxe6 29.
Rdxc7 Ra8 30. R1c5 Ra1+ 31. Kf2 Bc4 32. g4 Rb1 33. g5 Rxb4 34. Rb7 Be6 35. Ke3
Rb2 36. h4 Rh2 37. Rcxb5 Rxh4 38. Ra5 h6 39. gxh6 1/2-1/2

[Event "Vaujany Principal"]
[Site "?"]
[Date "2013.07.15"]
[Round "5.8"]
[White "Horvath, Jozsef"]
[Black "Van Foreest, Jorden"]
[Result "1-0"]
[WhiteElo "2516"]
[BlackElo "2276"]
[PlyCount "49"]
[SourceDate "2013.07.27"]

1. d4 Nf6 2. Nf3 d5 3. c4 c6 4. Qb3 e6 5. Bg5 (5. Nc3 dxc4 6. Qxc4 b5) 5...
Nbd7 6. Nc3 Be7 7. e3 O-O 8. Bd3 h6 9. Bh4 dxc4 (9... b6) 10. Qxc4 c5 (10...
Nd5 11. Bg3 (11. Bxe7 Qxe7)) 11. Bc2 cxd4 12. Nxd4 a6 13. O-O-O b5 14. Qc6 Qb6
{Diagramme #} 15. Qxb6 (15. Qxa8 Bb7) 15... Nxb6 16. Nc6 $18 Bb7 (16... Bc5 17.
b4 Bb7 18. bxc5 $18) 17. Nxe7+ Kh8 18. Bxf6 gxf6 19. Rd6 Nc4 20. Rd7 Bxg2 21.
Rg1 Bf3 (21... Ne5 22. Rc7) 22. Be4 Bxe4 23. Nxe4 Ne5 24. Rc7 f5 25. Nf6 1-0

[Event "Vaujany Principal"]
[Site "?"]
[Date "2013.07.15"]
[Round "5.9"]
[White "Foisor, Cristina-Adela"]
[Black "Ninov, Nikolai"]
[Result "0-1"]
[WhiteElo "2387"]
[BlackElo "2481"]
[PlyCount "72"]
[SourceDate "2013.07.27"]

1. Nf3 d5 2. g3 Bg4 3. Bg2 Nd7 4. d3 e5 5. Nbd2 c6 6. e4 Bd6 7. O-O Ne7 8. c3
O-O 9. Qc2 a5 10. Re1 Qc7 11. h3 Bh5 12. Nf1 f6 13. g4 Bf7 14. Ng3 Ng6 15. Nf5
dxe4 16. dxe4 a4 17. Bh6 gxh6 18. Qd2 Rfd8 19. Qxd6 Qxd6 20. Nxd6 Be6 21. Bf1
Nc5 22. Nf5 Bxf5 23. exf5 Nf4 24. Kh2 Ncd3 25. Bxd3 Rxd3 26. Re3 a3 27. Rb1 b5
28. Kg3 axb2 29. Rxb2 Ra3 30. c4 bxc4 31. Rb4 Nd5 32. Rb8+ Kf7 33. Rb7+ Ke8 34.
Rxd3 Rxd3 35. Kg2 Nf4+ 36. Kg3 c3 0-1

[Event "Vaujany Principal"]
[Site "?"]
[Date "2013.07.15"]
[Round "5.10"]
[White "Adda, Olivier"]
[Black "Di Nicolantonio, Lucas"]
[Result "0-1"]
[WhiteElo "2132"]
[BlackElo "2300"]
[PlyCount "90"]
[SourceDate "2013.07.27"]

1. Nf3 Nf6 2. c4 c6 3. g3 d5 4. Bg2 dxc4 5. O-O Bf5 6. Nc3 Nbd7 7. b3 cxb3 8.
axb3 e5 9. e4 Bg4 10. d4 Bb4 11. Qc2 Bxf3 12. Bxf3 exd4 13. Na2 Bc5 14. e5 Nd5
15. Bg4 Be7 16. e6 N7f6 17. exf7+ Kxf7 18. Qf5 Re8 19. Bb2 c5 20. Rfe1 g6 21.
Qf3 Bd6 22. b4 b6 23. Bh3 Kg7 24. Be6 Bf8 25. Re5 Nc7 26. Rae1 Qd6 27. bxc5
bxc5 28. Ba3 Nxe6 29. Rxe6 Rxe6 30. Rxe6 Qxe6 31. Qb7+ Kg8 32. Qxa8 Qxa2 33.
Bxc5 Qb1+ 34. Kg2 Qe4+ 35. Qxe4 Nxe4 36. Bxd4 Bc5 37. Bb2 Nxf2 38. Kf3 Nd3 39.
Bc3 Bb4 40. Bd4 a5 41. Ke4 Nc5+ 42. Kd5 Nb3 43. Be5 Kf7 44. Kc4 Nd2+ 45. Kb5
Nf3 0-1

[Event "Vaujany Principal"]
[Site "?"]
[Date "2013.07.15"]
[Round "5.11"]
[White "Brzezinski, Adam"]
[Black "Ravot, Sylvain"]
[Result "1-0"]
[WhiteElo "2112"]
[BlackElo "2288"]
[PlyCount "95"]
[SourceDate "2013.07.27"]

1. d4 Nf6 2. c4 e6 3. Nc3 Bb4 4. Qc2 d6 5. a3 Bxc3+ 6. Qxc3 b6 7. f3 Nbd7 8. e3
Qe7 9. Nh3 e5 10. d5 e4 11. f4 Nc5 12. b4 Na4 13. Qc2 Bd7 14. Be2 a6 15. Nf2 h5
16. O-O b5 17. Rd1 O-O 18. Rd4 Rfe8 19. Bd2 Rac8 20. Rc1 Nb6 21. Qb3 c5 22.
dxc6 Rxc6 23. c5 dxc5 24. bxc5 Na4 25. Qd1 Rxc5 26. Rxc5 Qxc5 27. Bb4 Qc7 28.
Bd6 Qc3 29. Be5 Qxe3 30. Bxf6 Nc3 31. Qe1 Qxe2 32. Qxc3 Rc8 33. Rxd7 Rxc3 34.
Bxc3 Qc2 35. Be1 e3 36. Nh3 Qc5 37. Ng5 g6 38. h3 Qc1 39. Nf3 Qxa3 {Diagramme #
} 40. Rc7 b4 41. Kh2 a5 42. Bh4 Qa1 43. Rc6 g5 44. Bxg5 e2 45. Bf6 e1=Q 46.
Nxe1 Qxe1 47. Rc8+ Kh7 48. f5 1-0

[Event "Vaujany Principal"]
[Site "?"]
[Date "2013.07.15"]
[Round "5.13"]
[White "Deleva, Michael"]
[Black "Micottis, Dorian"]
[Result "1/2-1/2"]
[WhiteElo "2225"]
[BlackElo "2086"]
[PlyCount "78"]
[EventDate "2013.07.27"]
[SourceDate "2013.07.27"]

1. d4 Nf6 2. c4 g6 3. Nc3 d5 4. cxd5 Nxd5 5. e4 Nxc3 6. bxc3 Bg7 7. Nf3 c5 8.
Bb5+ Nd7 9. O-O O-O 10. Re1 a6 11. Bc4 Nb6 12. Be2 Bg4 13. Be3 Bxf3 14. Bxf3
Nc4 15. e5 Nxe3 16. Rxe3 Rb8 17. Qa4 Qc7 18. Rb1 Rfd8 19. Qc4 Rdc8 20. Qxc5
Qxc5 21. dxc5 Rxc5 22. Rxb7 Rxb7 23. Bxb7 Rxe5 24. Rxe5 Bxe5 25. Bxa6 Bxc3 26.
Kf1 Kf8 27. Ke2 Ke8 28. Kd3 Be1 29. f3 Kd7 30. Bc4 f6 31. Bf7 Kd6 32. Bg8 h6
33. Bh7 g5 34. Ke4 e6 35. g4 Bf2 36. Bg8 Bg1 37. h3 Bb6 38. a4 Ba5 39. Kd4 Bb6+
1/2-1/2

[Event "Vaujany Principal"]
[Site "?"]
[Date "2013.07.15"]
[Round "5.14"]
[White "Van Foreest, Lucas"]
[Black "Juhasz, Armin"]
[Result "1/2-1/2"]
[WhiteElo "2082"]
[BlackElo "2223"]
[PlyCount "121"]
[SourceDate "2013.07.27"]

1. d4 Nf6 2. Nf3 g6 3. c4 Bg7 4. Nc3 O-O 5. e4 d6 6. Be2 a6 7. O-O Bg4 8. Be3
Nfd7 9. h3 Bxf3 10. Bxf3 c5 11. dxc5 dxc5 12. Qb3 Qc8 (12... b6 13. e5 Ra7) (
12... Nc6 13. Qxb7 Nd4) 13. e5 Nc6 (13... Ra7 14. Bg4 (14. Nd5 Nc6) 14... e6
15. f4) 14. Bxc6 Qxc6 15. Nd5 (15. f4) 15... Rfe8 16. Bg5 Bf8 (16... f6 17.
exf6 exf6) 17. Rfe1 b5 (17... e6 18. Nf6+ (18. Nc3) 18... Nxf6 19. Bxf6) 18.
Qf3 Rac8 19. cxb5 (19. b3) 19... axb5 20. a4 bxa4 21. Nc3 Qxf3 22. gxf3 Bg7 23.
Bf4 (23. Nd5 Nxe5) 23... Nb6 24. Nxa4 Nd5 25. Bg3 (25. Bd2 f6) 25... e6 26.
Rac1 Bf8 27. Rc4 Rc6 28. Rec1 Nb6 (28... Rb8) 29. Re4 Nxa4 30. Rxa4 Rb6 31. Rc2
Reb8 32. Bf4 (32. Ra2 Rb4) 32... h6 (32... Rxb2 33. Rxb2 Rxb2 34. Ra8 Kg7 35.
Bg5) 33. Ra2 Rb5 34. Be3 Kg7 35. Kg2 Be7 36. Ra7 R8b7 37. Rxb7 Rxb7 38. Bxc5
Bxc5 39. Rxc5 Rxb2 40. f4 Rb3 41. h4 Rd3 42. Rc7 {(=)} Rd4 43. Kg3 Re4 44. Kg4
Re1 45. f3 Rh1 46. Kg3 Kg8 47. Rc8+ Kh7 48. Rc7 Kg7 49. Rb7 Re1 50. Rc7 Re2 51.
Ra7 g5 52. hxg5 hxg5 53. fxg5 Rxe5 54. f4 Re3+ 55. Kg4 Re1 56. Rb7 Kg6 57. Ra7
Re4 58. Ra5 Re3 59. Rb5 f5+ 60. gxf6 Kxf6 61. Ra5 1/2-1/2

[Event "Vaujany Principal"]
[Site "?"]
[Date "2013.07.15"]
[Round "5.15"]
[White "Kormos, Adam"]
[Black "Gazikova, Veronika"]
[Result "1-0"]
[WhiteElo "2211"]
[BlackElo "2066"]
[PlyCount "95"]
[EventDate "2013.07.27"]
[SourceDate "2013.07.27"]

1. e4 Nf6 2. Nc3 d5 3. e5 Nfd7 4. d4 e6 5. f4 c5 6. Nf3 Nc6 7. Be3 a6 8. Qd2 b5
9. Nd1 cxd4 10. Nxd4 Nxd4 11. Bxd4 Bc5 12. Ne3 Qb6 13. O-O-O Bb7 14. Be2 a5 15.
h4 b4 16. Bxc5 Nxc5 17. Qd4 Rc8 18. Kb1 Na4 19. h5 h6 20. g4 Qxd4 21. Rxd4 Nc5
22. g5 Ba6 23. Bxa6 Nxa6 24. gxh6 Rxh6 25. f5 Nc5 26. Ng4 Rh8 27. f6 g6 28. h6
Ne4 29. Rh3 Kf8 30. a3 bxa3 31. Rxa3 Kg8 32. Rxa5 Ng3 33. Rd3 Nf5 34. Rh3 Kh7
35. Ra7 Rhf8 36. b3 Rb8 37. Ra4 Rb7 38. Nh2 Rb5 39. Nf3 Rb7 40. Ng5+ Kh8 41. h7
Rc8 42. Kb2 d4 43. c4 Ne3 44. c5 Ng4 45. c6 Rbc7 46. Ra5 Rd8 47. Rh4 Ne3 48.
Rxd4 1-0

[Event "Vaujany Principal"]
[Site "?"]
[Date "2013.07.15"]
[Round "5.18"]
[White "Teychene, Jean-Louis"]
[Black "Veys, Vincent"]
[Result "0-1"]
[WhiteElo "1943"]
[BlackElo "2129"]
[PlyCount "56"]
[SourceDate "2013.07.27"]

1. d4 d5 2. c4 c6 3. Nf3 Nf6 4. Nc3 dxc4 5. a4 Bf5 6. e3 e6 7. Bxc4 Bb4 8. O-O
O-O 9. Qe2 Bg6 10. e4 Bxc3 11. bxc3 Nxe4 12. Bb2 Nd7 13. Bd3 Nef6 14. Bxg6 hxg6
15. Ba3 Re8 16. Rfb1 Qc7 17. Qb2 b6 18. Qb3 e5 19. Ng5 Nd5 20. c4 N5f6 21. c5
Nd5 22. cxb6 axb6 23. Rc1 exd4 24. Nxf7 Qf4 25. Nd6 Re2 26. Rf1 Rf8 27. Nc4 Rf7
28. Bc1 Qxf2+ 0-1

[Event "Vaujany Principal"]
[Site "?"]
[Date "2013.07.15"]
[Round "5.22"]
[White "Deleva, Matthias"]
[Black "Sonnet, Jean Pierre"]
[Result "1-0"]
[WhiteElo "2098"]
[BlackElo "2112"]
[PlyCount "91"]
[EventDate "2013.07.27"]
[SourceDate "2013.07.27"]

1. e4 c5 2. b3 Nf6 3. e5 Nd5 4. Bb2 Nc6 5. Nf3 b6 6. g3 Bb7 7. Bg2 e6 8. O-O
Be7 9. d3 O-O 10. Nbd2 f6 11. a4 fxe5 12. Nxe5 Bf6 13. Ndc4 Nxe5 14. Nxe5 d6
15. Nc4 Bxb2 16. Nxb2 Qf6 17. Nc4 Nc3 18. Qg4 Bxg2 19. Kxg2 d5 20. Nd2 Rae8 21.
Rae1 e5 22. Re3 g6 23. Rf3 Qc6 24. Re1 Rxf3 25. Qxf3 Kg7 26. Kg1 a6 27. Qe3 Qf6
28. f4 e4 29. dxe4 dxe4 30. Nf3 Nd5 31. Qe2 Re7 32. Ne5 e3 {(=)} 33. Qd1 Nc3
34. Qd3 Rxe5 35. Qxc3 Re4 36. Rxe3 Rxe3 37. Qxe3 Qa1+ 38. Kg2 Qd1 39. Qd3 Qc1
40. Kh3 a5 41. c4 Qb2 42. Qd7+ Kh6 43. Qe7 Qxb3 44. Qf8+ Kh5 45. Qg7 h6 46.
Qe5+ 1-0

[Event "Vaujany Principal"]
[Site "?"]
[Date "2013.07.15"]
[Round "5.25"]
[White "Grimm, Gyorgy"]
[Black "De Lagontrie, Jean"]
[Result "1-0"]
[WhiteElo "2009"]
[BlackElo "1911"]
[PlyCount "81"]
[SourceDate "2013.07.27"]

1. e4 e6 2. d4 d5 3. exd5 exd5 4. Nf3 Nf6 5. c4 Bb4+ 6. Bd2 Bxd2+ 7. Qxd2 (7.
Nbxd2 O-O 8. Be2 Bg4 9. O-O c6) 7... O-O (7... Ne4 8. Qf4) 8. Be2 Bg4 9. O-O c6
(9... dxc4 10. Na3 $1 Nc6 11. Rad1) 10. Nc3 Nbd7 11. b3 Ne4 (11... Re8) 12.
Nxe4 dxe4 13. Ne1 Bxe2 14. Qxe2 f5 15. f3 Nf6 16. Rd1 Qd6 (16... Qb6) 17. fxe4
fxe4 (17... Nxe4 18. Qd3 Rae8 19. Nf3) 18. Nc2 Rae8 (18... Rad8) 19. Ne3 g6 20.
Qc2 c5 21. Qc3 cxd4 22. Qxd4 (22. Rxd4 Qe5 23. Rfd1) 22... Qxd4 23. Rxd4 Rf7
24. Rfd1 Kg7 25. Rd8 Rxd8 26. Rxd8 Rd7 27. Rxd7+ Nxd7 28. Nd5 Kf7 29. Kf2 Ke6
30. Ke3 Ke5 31. Nc3 Nf6 32. h3 h5 (32... Nh5 33. Nxe4 Nf4 34. Nc5 Nxg2+ 35. Kf3
Nf4 36. Nxb7 (36. h4 b6 37. Nd7+ Kf5 38. b4 h6 39. c5 bxc5 40. bxc5 g5 41. hxg5
hxg5 42. c6 Nd5) 36... Nxh3) 33. g3 g5 34. b4 a6 35. a4 g4 36. h4 b6 37. a5 b5
(37... bxa5 38. bxa5 Kd6 (38... Kf5 39. Kd4 e3 40. Kxe3 Ke5 41. c5) 39. Nxe4+
Nxe4 40. Kxe4 Kc5 41. Kf5 $18) 38. cxb5 axb5 39. a6 Nd7 40. a7 Nb6 41. Nxb5 (
41. Nxb5 Nd5+ (41... Ke6 42. Nc7+ $18) 42. Ke2 Nb6 43. Nc7 $18) 1-0

[Event "Vaujany Principal"]
[Site "?"]
[Date "2013.07.16"]
[Round "6.1"]
[White "Vovk, Andrey"]
[Black "Manolache, Marius"]
[Result "1-0"]
[WhiteElo "2567"]
[BlackElo "2504"]
[PlyCount "119"]
[SourceDate "2013.07.27"]

1. e4 g6 2. d4 Bg7 3. Nf3 d6 4. Nc3 Nf6 5. Be3 O-O 6. h3 c6 7. Bd3 Nbd7 8. O-O
e5 9. Re1 Re8 10. Qd2 Qe7 11. a4 a5 12. Rad1 exd4 13. Bxd4 Ne5 14. Be2 Nxf3+
15. Bxf3 Be6 16. Be3 {Diagramme #} Nd7 17. Qxd6 Ne5 18. Be2 Qxd6 19. Rxd6 Bf8
20. Rdd1 Bb4 21. Bd4 Nc4 22. Bxc4 Bxc4 23. g4 b5 24. b3 Be6 25. Re3 Red8 26.
Bf6 Rxd1+ 27. Nxd1 bxa4 28. bxa4 Bd7 29. Rd3 Be8 30. Ne3 Bf8 31. Nc4 c5 32. Ra3
Bc6 33. f3 h6 34. h4 Bg7 35. Bxg7 Kxg7 36. g5 Ra7 37. Kf2 Bd7 38. Ke3 hxg5 39.
hxg5 Ra6 40. Ne5 Be8 41. Nd3 Rc6 42. Rc3 Rb6 43. Rc4 Rb1 44. Nxc5 Re1+ 45. Kf4
Ra1 46. Ke5 Ra3 47. f4 Ra1 48. Nb3 Ra2 49. Nxa5 Bxa4 50. c3 Bc2 51. Nb7 Ra8 52.
Nd6 Ra5+ 53. Kd4 Ra6 54. e5 Bb3 55. Rc8 Be6 56. Rd8 Ra1 57. Ke3 Re1+ 58. Kd2
Rf1 59. Ne8+ Kf8 60. Nf6+ 1-0

[Event "Vaujany Principal"]
[Site "?"]
[Date "2013.07.17"]
[Round "6.2"]
[White "Carmaciu, Catalin"]
[Black "Solozhenkin, Evgeniy"]
[Result "0-1"]
[WhiteElo "2416"]
[BlackElo "2458"]
[PlyCount "204"]
[SourceDate "2013.07.27"]

1. e4 c6 2. d4 d5 3. e5 Bf5 4. h4 h5 5. c4 e6 6. Nc3 dxc4 7. Bxc4 Nd7 8. Nge2
Nb6 9. Bb3 Ne7 10. Ng3 Bg6 11. Bg5 Qd7 12. O-O Nf5 13. Nxf5 Bxf5 14. Re1 Be7
15. Ne4 Bxe4 16. Rxe4 Bxg5 17. hxg5 Qe7 18. Qd2 O-O-O 19. Rc1 Nd5 20. Rh4 g6
21. a3 Rhf8 22. Bc4 Kb8 23. b4 Nc7 24. Rc3 Rd7 25. Rd3 Rfd8 26. Re4 Nd5 27. Re1
Qe8 28. Rd1 Rc7 29. Rb1 Ne7 30. Kf1 Nf5 31. Qf4 Qd7 32. g3 Qc8 33. Rbd1 Rcd7
34. f3 Qc7 35. g4 hxg4 36. fxg4 Ne7 37. Rf3 a6 38. Rdd3 Nc8 39. Ke2 Qb6 40. Ke3
Ne7 41. Rf1 Rh8 42. Kd2 Rh7 43. Kc3 a5 44. Qd2 Rh4 45. Rf4 axb4+ 46. axb4 Rh1
47. Rxf7 Rb1 48. Rf8+ Nc8 49. Bb3 Qa6 50. Qa2 Rc1+ 51. Kb2 Qxd3 52. Kxc1 Rxd4
53. Qb2 Re4 54. Bd1 Rc4+ 55. Bc2 Qe3+ 56. Kb1 Qe1+ 57. Ka2 Rxb4 58. Qa3 Rd4 59.
Rf3 Qxe5 60. Qc3 Qd6 61. Rf6 Rxg4 62. Rxg6 Qd5+ 63. Qb3 Qa5+ 64. Qa3 Rxg5 65.
Rxe6 Qd2 66. Qd3 Ra5+ 67. Kb2 Rb5+ 68. Ka2 Qb4 69. Qg3+ Ka7 70. Qb3 Nb6 71.
Qxb4 Rxb4 72. Bb3 Rd4 73. Kb2 Nd5 74. Rh6 Kb6 75. Rh7 Rd2+ 76. Kc1 Rd3 77. Kc2
Nb4+ 78. Kb2 Re3 79. Rg7 Nd3+ 80. Kc2 Nc5 81. Bg8 Kb5 82. Rg4 Re4 83. Rg1 Na6
84. Kd3 Rh4 85. Rg5+ Kb4 86. Rg6 Nc5+ 87. Kd2 Na4 88. Bf7 c5 89. Rg1 Nc3 90.
Rg8 b5 91. Rb8 c4 92. Be8 Rh8 93. Ke1 Rh2 94. Bd7 Kc5 95. Rc8+ Kd4 96. Rd8 Ke3
97. Re8+ Ne4 98. Kf1 b4 99. Kg1 Rd2 100. Bf5 Rd4 101. Rb8 c3 102. Rc8 Kd2 0-1

[Event "Vaujany Principal"]
[Site "?"]
[Date "2013.07.16"]
[Round "6.3"]
[White "Juhasz, Kristof"]
[Black "Horvath, Jozsef"]
[Result "1/2-1/2"]
[WhiteElo "2292"]
[BlackElo "2516"]
[PlyCount "64"]
[SourceDate "2013.07.27"]

1. e4 c5 2. Nf3 d6 3. Bb5+ Bd7 4. Bxd7+ Qxd7 5. c4 Nf6 6. Nc3 g6 7. d4 cxd4 8.
Nxd4 Bg7 9. f3 O-O 10. Be3 Nc6 11. O-O a6 12. a4 e6 13. Nde2 Rac8 14. b3 d5 15.
cxd5 exd5 16. Rc1 Rcd8 (16... dxe4 17. Qxd7 Nxd7 18. Nxe4) 17. Bb6 d4 $1 18.
Bxd8 Rxd8 $44 19. Nd5 Nxd5 20. exd5 Nb4 21. Nf4 (21. Nxd4 Qxd5 22. Ne2 Nd3 23.
Rc4 b5) 21... Bh6 22. Qxd4 Bxf4 23. Qxf4 (23. Qxb4 Be3+ 24. Kh1 Bxc1 25. Rxc1
Qxd5) 23... Nd3 24. Qf6 Nxc1 25. Rxc1 Qxd5 $11 26. Rc7 Re8 27. Qc3 Qd1+ 28. Kf2
b5 29. axb5 axb5 30. Rc8 Qe2+ 31. Kg1 Qd1+ 32. Kf2 Qe2+ 1/2-1/2

[Event "Vaujany Principal"]
[Site "?"]
[Date "2013.07.16"]
[Round "6.4"]
[White "Ardelean, George-Catalin"]
[Black "Foisor, Ovidiu-Doru"]
[Result "0-1"]
[WhiteElo "2505"]
[BlackElo "2400"]
[PlyCount "242"]
[SourceDate "2013.07.27"]

1. e4 e6 2. d4 d5 3. Nd2 dxe4 4. Nxe4 Bd7 5. Nf3 Bc6 6. Bd3 Nd7 7. O-O Be7 8.
Qe2 Ngf6 9. Neg5 Bxf3 10. Nxf3 O-O 11. Rd1 c5 12. Bg5 Qc7 13. c3 Rfd8 14. a4
Nf8 15. dxc5 Bxc5 16. Bxf6 gxf6 17. g3 Ng6 18. Kg2 f5 19. h4 Bd6 20. Bc2 Kh8
21. Kh3 Rg8 22. Ng5 Bf4 23. Nf3 Bd6 24. Rd4 Ne5 25. Ng5 Rg7 26. f4 Ng4 27. Rad1
Bc5 28. Rd7 Qc6 29. Rd8+ Rxd8 30. Rxd8+ Rg8 31. Be4 Qc7 32. Rxg8+ Kxg8 33. Bf3
h6 34. Nxe6 fxe6 35. Qxe6+ Qf7 36. Bd5 (36. Qc8+ Bf8 37. Bxb7) 36... Qxe6 37.
Bxe6+ Kg7 38. Bxf5 Nf2+ 39. Kh2 Nd1 40. b4 Bd6 41. Bc2 Nxc3 42. b5 b6 43. Kg2
Ne2 44. Bd1 Nd4 45. Kh3 Bb4 46. h5 Kf6 47. Bg4 Bc3 48. Kg2 Be1 49. Bc8 Nb3 50.
Bg4 Nc5 51. Bd1 Ne4 52. g4 Bd2 53. Kf3 Nc5 54. Bc2 Ne6 55. g5+ hxg5 56. fxg5+
Nxg5+ 57. Ke2 Ba5 58. Ke3 Kg7 59. Kd4 Kh6 60. Bd1 Nh7 61. Ke5 Bc3+ 62. Kd6 Nf6
63. Kc6 Nxh5 64. Kb7 Nf6 65. Kxa7 Ba5 66. Kb7 Kg5 67. Kc6 Kf4 68. Kb7 Ke5 69.
Ka6 Kd6 70. Kb7 Ne4 71. Bc2 Nc3 72. Ka6 Kc5 73. Bd3 Nxa4 74. Bf1 Bd2 75. Be2
Be3 76. Bf1 Nc3 77. Bd3 Nd5 78. Kb7 Bf4 79. Bf1 Nc7 80. Bh3 Nxb5 81. Bd7 Be3
82. Ka6 Nd6 83. Ba4 Kd5 84. Bd7 Ke5 85. Ba4 Ke6 86. Bc6 Ke7 87. Ba4 Kd8 88. Bc6
Kc7 89. Ba4 Bf2 90. Bb3 b5 91. Bd5 Bb6 92. Bc6 b4 93. Bd5 Be3 94. Ka5 Bd2 95.
Ka4 Kb6 96. Kb3 Kc5 97. Bg8 Kd4 98. Kc2 Bc3 99. Kb3 Nf5 100. Bf7 Ke3 101. Bg8
Kd4 102. Ka2 Kc5 103. Be6 Nd4 104. Bf7 Kd6 105. Bc4 Ke5 106. Bg8 Kf4 107. Bf7
Ke3 108. Bg8 Kd2 109. Bf7 Kc1 110. Bg8 Bd2 111. Bf7 Kc2 112. Bb3+ Kc3 113. Bg8
b3+ 114. Ka3 Bc1+ 115. Ka4 b2 116. Ba2 Bf4 117. Bb1 Bd6 118. Ba2 Kd2 119. Ka5
Kc1 120. Ka4 Be7 121. Ka5 Ne2 0-1

[Event "Vaujany Principal"]
[Site "?"]
[Date "2013.07.16"]
[Round "6.6"]
[White "Lobzhanidze, Davit"]
[Black "Di Nicolantonio, Lucas"]
[Result "1-0"]
[WhiteElo "2453"]
[BlackElo "2300"]
[PlyCount "33"]
[SourceDate "2013.07.27"]

1. e4 c5 2. Nc3 Nc6 3. Bb5 Nd4 4. Bc4 e6 5. Nf3 Nf6 6. O-O a6 7. d3 d5 8. exd5
exd5 9. Nxd5 Nxd5 10. Nxd4 cxd4 11. Qh5 Be6 12. Re1 Be7 13. Rxe6 Nf6 14. Rxf6
gxf6 15. Qxf7+ Kd7 16. Bf4 Qa5 17. Be6+ 1-0